000 00395 a2200157 4500
001 71364
020 _a8516006212
040 _cAnchieta - Colégio São Paulo
100 _aRibeiro, Laís Carr
240 1 0 _aEssa vida sem fantasmas não tem graça
_lpor
245 1 0 _aEssa vida sem fantasmas não tem graça
300 _a46
362 0 _a1993
650 4 _aLiteratura infantil
942 _cBK
999 _c71364
_d71364